| 000 | 00523nam a22001937a 4500 | ||
|---|---|---|---|
| 008 | 151020b xxu||||| |||| 00| 0 eng d | ||
| 020 | _a9780136102434 | ||
| 020 | _a0136102433 | ||
| 041 | 0 | _aENG | |
| 080 | _a339.138 | ||
| 100 | 1 | _aArmstrong, Gary | |
| 245 | 1 | 0 |
_aMarketing : _cGary Armstrong, Philip Kotler. |
| 250 | _a10th ed. | ||
| 260 |
_aBoston : _bPrentice Hall, _c2011. |
||
| 300 |
_axxviii, 541 f. : _bme il.; _c29 cm. |
||
| 650 | 0 | _aMarketing | |
| 700 | 1 | _aKotler, Philip. | |
| 942 |
_2udc _cBK |
||
| 999 |
_c1320 _d1320 |
||